Anwerben und entwickeln

Saved in:
Bibliographic Details
Main Author: Zúbriková, Darina
Other Authors: Blštáková, Jana, 1980-
Format: Book Chapter
Language:German
Subjects:
Tags: Add Tag
No Tags, Be the first to tag this record!

MARC

LEADER 00000naa$a2200000$$$4500
001 0054668
005 20240502083137.4
041 0 |a ger 
044 |a DE 
245 1 0 |a Anwerben und entwickeln  |c Darina Zúbriková, Jana Blštáková 
610 2 0 |a zdroje ľudské 
610 2 0 |a riadenie ľudských zdrojov 
610 2 0 |a práca personálna 
610 2 0 |a výber pracovníkov 
610 2 0 |a rozvoj pracovníkov 
100 1 |a Zúbriková, Darina 
700 1 |a Blštáková, Jana, 1980-